BIBLIOTECA PODER JUDICIAL
Portal Judicial TDF

Derecho de la vejez y litigación judicial. Problemáticas y reflexiones con relación a los reclamos judiciales de cobertura asistencial de internaciones geriátricas / (Registro nro. 5359)

000 -LEADER
fixed length control field 01457nab a22002417a 4500
003 - CONTROL NUMBER IDENTIFIER
control field OSt
005 - DATE AND TIME OF LATEST TRANSACTION
control field 20250225210446.0
008 - FIXED-LENGTH DATA ELEMENTS--GENERAL INFORMATION
fixed length control field 190603e xxum|||| |||| 00| 0 spa d
040 ## - CATALOGING SOURCE
Transcribing agency PJ-TDF
100 ## - MAIN ENTRY--PERSONAL NAME
9 (RLIN) 6394
Personal name González, María Laura
245 10 - TITLE STATEMENT
Title Derecho de la vejez y litigación judicial. Problemáticas y reflexiones con relación a los reclamos judiciales de cobertura asistencial de internaciones geriátricas /
Statement of responsibility, etc María Laura González, Martín P. Labombarda.
260 ## - PUBLICATION, DISTRIBUTION, ETC. (IMPRINT)
Date of publication, distribution, etc Ciudad Autónoma de Buenos Aires :
Place of publication, distribution, etc Thomson Reuters La Ley,
Name of publisher, distributor, etc 2024.
300 ## - PHYSICAL DESCRIPTION
Extent p. 20-26
500 ## - GENERAL NOTE
General note Cita: TR LALEY AR/DOC/2770/2024.<br/>
505 ## - FORMATTED CONTENTS NOTE
Formatted contents note Sumario: I. Introducción.— II. Breves consideraciones sobre el marco normativo referencial.— III. Consideraciones generales sobre la judicialización en materia de ancianidad.— IV. Desarrollo de la problemática y una propuesta de reflexión acerca de la implementación jurisprudencial de pautas alternativas de cobertura.— V. Conclusiones preliminares.
505 ## - FORMATTED CONTENTS NOTE
Title ¿Te interesa el texto completo? Solicitalo al correo: koha@justierradelfuego.gov.ar
650 #0 - SUBJECT ADDED ENTRY--TOPICAL TERM
9 (RLIN) 1253
Topical term or geographic name as entry element DERECHO A LA SALUD
650 #0 - SUBJECT ADDED ENTRY--TOPICAL TERM
9 (RLIN) 4613
Topical term or geographic name as entry element COBERTURA MEDICA
650 #0 - SUBJECT ADDED ENTRY--TOPICAL TERM
9 (RLIN) 5306
Topical term or geographic name as entry element DERECHOS HUMANOS DE LOS ANCIANOS
700 ## - ADDED ENTRY--PERSONAL NAME
9 (RLIN) 6395
Personal name Labombarda, P. Martín
773 0# - HOST ITEM ENTRY
Host Biblionumber 2713
Host Itemnumber 3170
Place, publisher, and date of publication Ciudad Autónoma de Buenos Aires : Thomson Reuters La Ley, 2015-
Title Revista Código Civil y Comercial. Nº 6 - Diciembre 2024
942 ## - ADDED ENTRY ELEMENTS (KOHA)
Source of classification or shelving scheme
Koha item type Analítica Artículo de Revista

No hay ítems disponibles.

12 de Octubre 789 Ushuaia - Tel:  54(02901)441571
Horario de Atención: 8.00 a 17.00 hs. 
bibliotecaush@justierradelfuego.gov.ar
koha@justierradelfuego.gov.ar
Seguinos en nuestras redes @bibliojustdf 

Con tecnología Koha